1591 1199 1691 1119 1867 1758 1114 1471 1948 1021 1406 1529 1308 1865 1784 1551 1153 1487 1883 1580 1271 1391 1327 1239 1652 1111 1222 1706 1628 1916 1056 1787 1216 1053 1880 1849 1971 1535 1103 1573 1034 1813 1325 1788 1090 1364 1169 1356 1425 1485 1042 1455 1574 1311 1764 1433 1568 1054 1765 1846 1545 1001 1361 1100 1767 1091 1919 1824 1536 1170 1018 1098 1849 1480 1995 1469 1536 1254 1829 1684 1940 1405 1321 1351 1363 1156 1123 1970 1407 1586 1775 1942 1525 1209 1551 1949 1668 1348 1583 BCNSPRNW ULIB Ver.6.0+V

เปลี่ยนเป็นภาษาไทย

Change to English
 แสดงรายละเอียดบรรณานุกรม
  กลับหน้าหลัก

Brief Record : Get Marc (ISO 2709) : E-mail record : QR code < ปิดหน้าต่าง
LEADER : 00000nam 2200000uu 4500
001    13399126383
003     ULIB
008    180911s2559||||th 000 0 tha d
020    ^a9786162147234
050    ^aนว^bว177ห
100 0  ^aวรรณวรรธน์
245 10 ^aหนึ่งด้าวฟ้าเดียวกัน เล่ม 1/ ^cวรรณวรรธน์
250    ^aพิมพ์ครั้งที่ 9
260    ^aกรุงเทพฯ : ^bณ บ้านวรรณกรรม, ^c2559
300    ^a342 หน้า ;^c21 ซม
945    ^p270^l0^i004609
999    ^aวรรณษา ชูชัยมงคล
รายการนี้ยังไม่มีแท็ก
คุณยังไม่ได้ล็อกอิน คุณสามารถมีกิจกรรมร่วมกับเว็บไซต์ได้ แต่ต้องล็อกอินก่อน ::
  ล็อกอิน

รายการสื่อสารสนเทศ

ลำดับที่ ประเภท เลขเรียก/บาร์โค้ด สถานที่ สถานะ
1. นวนิยาย
นวนิยาย
นว ว177ห ฉ.1 
  Barcode: 004609
ห้องสมุดวิทยาเขตสวรรค์ประชารักษ์
►หนังสือทั่วไป
บนชั้น

รายการใกล้เคียง
    ผู้แต่ง [วรรณวรรธน์]

BibComment


ยังไม่เคยถูกคอมเมนท์

คอมเมนท์ทรัพยากรรายการนี้
  คอมเมนท์: หนึ่งด้าวฟ้าเดีย..


 Copyright 2026. Bcnsprnw @Library